Atmende Klarsein (Das) (Record no. 104030)
[ view plain ]
| 000 -LEADER | |
|---|---|
| fixed length control field | 01098njm a2200313Ia 4500 |
| 001 - CONTROL NUMBER | |
| control field | 27576 |
| 003 - CONTROL NUMBER IDENTIFIER | |
| control field | IT-RoPAU |
| 005 - DATE AND TIME OF LATEST TRANSACTION | |
| control field | 20220918181216.0 |
| 008 - FIXED-LENGTH DATA ELEMENTS--GENERAL INFORMATION | |
| fixed length control field | 131025s9999 xx 000 0 und d |
| 040 ## - CATALOGING SOURCE | |
| Original cataloging agency | IT-RoPAU |
| 040 ## - CATALOGING SOURCE | |
| Transcribing agency | IT-RoPAU |
| 999 ## - SYSTEM CONTROL NUMBERS (KOHA) | |
| Koha Dewey Subclass [OBSOLETE] | SI |
| 100 ## - MAIN ENTRY--PERSONAL NAME | |
| Personal name | Nono Luigi |
| 9 (RLIN) | 18639 |
| 100 ## - MAIN ENTRY--PERSONAL NAME | |
| Relator term | Autore musica |
| 9 (RLIN) | 18640 |
| 100 ## - MAIN ENTRY--PERSONAL NAME | |
| Miscellaneous information | Codice autore musica SPICS: 10797 |
| 9 (RLIN) | 18641 |
| 245 ## - TITLE STATEMENT | |
| Title | Atmende Klarsein (Das) |
| 250 ## - EDITION STATEMENT | |
| Edition statement | 1a ed. |
| 260 ## - PUBLICATION, DISTRIBUTION, ETC. (IMPRINT) | |
| Place of publication, distribution, etc. | TORINO |
| 260 ## - PUBLICATION, DISTRIBUTION, ETC. (IMPRINT) | |
| Name of publisher, distributor, etc. | FONIT CETRA |
| Date of publication, distribution, etc. | 1984 [1a Ed.:1984 - Ed. Lingua Orig.: 1984] |
| 300 ## - PHYSICAL DESCRIPTION | |
| Extent | DISCO |
| 300 ## - PHYSICAL DESCRIPTION | |
| Dimensions | 43 minuti (Testo: 8 pag.) |
| 500 ## - GENERAL NOTE | |
| General note | Musica contemporanea, strumentale |
| 505 ## - FORMATTED CONTENTS NOTE | |
| Formatted contents note | Das Atmende Klarsein per flauto basso e piccolo coro |
| 511 ## - PARTICIPANT OR PERFORMER NOTE | |
| Participant or performer note | Complesso Vocale di Solisti dell'Istituto per la Musica Nuova diretto da Tamayo Arturo |
| 650 ## - SUBJECT ADDED ENTRY--TOPICAL TERM | |
| Topical term or geographic name as entry element | CONTEMPORANEA [DISCHI] |
| Relator term | Codice MATERIA SPICS: 9950 |
| 9 (RLIN) | 2440 |
| 700 ## - ADDED ENTRY--PERSONAL NAME | |
| Personal name | Cacciari Massimo |
| Relator term | Autore testo e musica |
| Miscellaneous information | Codice autore testo/musica SPICS: 12135 |
| 9 (RLIN) | 18642 |
| 700 ## - ADDED ENTRY--PERSONAL NAME | |
| Personal name | Nono Luigi |
| Miscellaneous information | Codice interprete SPICS: 10797 |
| Relator term | Interprete |
| 9 (RLIN) | 18643 |
| 942 ## - ADDED ENTRY ELEMENTS (KOHA) | |
| Koha item type | DISCHI |
| Source of classification or shelving scheme | Dewey Decimal Classification |
| Withdrawn status | Lost status | Damaged status | Not for loan | Home library | Current library | Date acquired | Total Checkouts | Full call number | Date last seen | Price effective from | Koha item type | Public note |
|---|---|---|---|---|---|---|---|---|---|---|---|---|
| Buone Condizioni | Not For Loan | SPICS-MEDIATECA | SPICS-MEDIATECA | 25/10/2013 | 27576 | 25/10/2013 | 25/10/2013 | DISCHI | Progr. Ins.: 7133 / N.Vol.: 1 / Copie: 1 - Copia rara: SI / date import: 01.01.2014 - By Epidotti, Trombetti, Vaglietti |